00496nam a2200193 a 4500001001300000003000900013005001700022008004100039020001000080082001600090100001800106245005200124260003000176300000900206500003500215505001200250650002200262700001800284nice12345678IN_TiNIC20260116011755.0050524s1979 dela grp 000 0 eng  ac10000a297.63bPOO aPoole, S Lane aSpeeches and Table Talk of the Prophet Mohammad aDelhibKitab Bhavanc1979 a190p aincludes index and biblioraphy2 a3 parts aMuhammad, Prophet1 aPoole, S Lane